Istrobanka účinne podporuje obnovu bytového fondu prijateľné riešenie pre mladé rodiny i skôr narodených

Bibliographic Details
Main Authors: Steskál, Rudolf (Author, Interviewer), Zemanová, Anna (Author)
Format: Article
Language:Slovak
PhysicalDescription:Fotogr.
ISSN:1336-8273
Subjects:

MARC

LEADER 00000nab a2200000 ar4500
001 vtls008993767
003 SK-MaSNL
005 20260303064737.0
008 070529c2007 xo |||||||||||000 b|slo
015 |a SNBRB2007/05  |2 snkbucl 
038 |a SNKBUCL 
040 |a SNKBUCL  |b slo  |c SNKBUCL  |e AACR2 
041 0 |a slo 
044 |a xo  |c SK 
080 |a 332.834  |x (437.6)  |2 2001 
080 |a 336.77  |2 2001 
080 |a 336.712  |2 2001 
100 1 |a Steskál, Rudolf  |4 aut  |4 ivr  |9 265637 
245 1 0 |a Istrobanka účinne podporuje obnovu bytového fondu  |b prijateľné riešenie pre mladé rodiny i skôr narodených  |c Rudolf Steskál, Anna Zemanová 
300 |b Fotogr. 
610 2 7 |a Istrobanka (Slovensko)  |2 snkbucl  |9 839187 
650 0 7 |a úvery  |2 snkbucl  |9 2375 
650 0 7 |a obnova bytového fondu  |2 snkbucl  |9 1021191 
650 0 7 |a bytové domy  |2 snkbucl  |9 31781 
700 1 |a Zemanová, Anna  |4 aut  |4 ive  |9 278056 
773 0 |t In Energo Eco  |g Roč. 2, č. 3 (2007), s. 10-11  |x 1336-8273 
852 |a SNK  |b KIS3GCP 
958 |a SK 
999 |c 1748366  |d 1750296